Flags by Letter - A - Statistics

General Stats
  • This quiz has been taken 733 times
  • The average score is 10 of 11
Answer Stats
Picture Answer % Correct
Australia
99%
Argentina
98%
Albania
97%
Algeria
96%
Andorra
96%
Austria
96%
Azerbaijan
94%
Armenia
93%
Afghanistan
92%
Angola
92%
Antigua and Barbuda
91%
No matching quizzes found
Score Distribution
Percent of People with Each Score
Percentile by Number Answered
Your Score History
You have not taken this quiz